Tapestry : (Record no. 26481)
[ view plain ]
| 000 -LEADER | |
|---|---|
| fixed length control field | 01650cam a22004695a 4500 |
| 001 - CONTROL NUMBER | |
| control field | 13635679 |
| 003 - CONTROL NUMBER IDENTIFIER | |
| control field | EG-ScBUE |
| 005 - DATE AND TIME OF LATEST TRANSACTION | |
| control field | 20210922100938.0 |
| 008 - FIXED-LENGTH DATA ELEMENTS--GENERAL INFORMATION | |
| fixed length control field | 040624t2005 maua f b 001 0 eng d |
| 020 ## - INTERNATIONAL STANDARD BOOK NUMBER | |
| International Standard Book Number | 1413006280 (v. 4) |
| 020 ## - INTERNATIONAL STANDARD BOOK NUMBER | |
| International Standard Book Number | 9781413006285 (v. 4) |
| 020 ## - INTERNATIONAL STANDARD BOOK NUMBER | |
| International Standard Book Number | 9781413006278 (v. 3) |
| 020 ## - INTERNATIONAL STANDARD BOOK NUMBER | |
| International Standard Book Number | 1413006272 (v. 3) |
| 020 ## - INTERNATIONAL STANDARD BOOK NUMBER | |
| International Standard Book Number | 9781413006254 (v. 1) |
| 020 ## - INTERNATIONAL STANDARD BOOK NUMBER | |
| International Standard Book Number | 1413006256 (v. 1) |
| 020 ## - INTERNATIONAL STANDARD BOOK NUMBER | |
| International Standard Book Number | 1413006264 (v. 2) |
| 020 ## - INTERNATIONAL STANDARD BOOK NUMBER | |
| International Standard Book Number | 9781413006261 (v. 2) |
| 040 ## - CATALOGING SOURCE | |
| Original cataloging agency | DLC |
| Language of cataloging | eng |
| Description conventions | rda |
| Transcribing agency | DLC |
| Modifying agency | DLC |
| -- | EG-ScBUE |
| 082 04 - DEWEY DECIMAL CLASSIFICATION NUMBER | |
| Classification number | 428.24927 |
| Item number | TAP |
| Edition number | 22 |
| 245 00 - TITLE STATEMENT | |
| Title | Tapestry : |
| Remainder of title | writing / |
| Statement of responsibility, etc | Rebecca L. Oxford, series editor, Meredith Pike-Baky, writing editor. |
| 250 ## - EDITION STATEMENT | |
| Edition statement | Middle East edition. |
| 264 #1 - PUBLICATION, DISTRIBUTION, ETC. (IMPRINT) | |
| Place of publication, distribution, etc | Boston, Massachusetts : |
| Name of publisher, distributor, etc | Thomson/Heinle, |
| Date of publication, distribution, etc | [2005] |
| 264 #4 - PUBLICATION, DISTRIBUTION, ETC. (IMPRINT) | |
| Date of publication, distribution, etc | c2005 |
| 300 ## - PHYSICAL DESCRIPTION | |
| Extent | 4 volumes : |
| Other physical details | illustrations ; |
| Dimensions | 26 cm |
| 336 ## - CONTENT TYPE | |
| Source | rdacontent |
| Content type term | text |
| Content type code | txt |
| 337 ## - MEDIA TYPE | |
| Source | rdamedia |
| Media type term | unmediated |
| Media type code | n |
| 338 ## - CARRIER TYPE | |
| Source | rdacarrier |
| Carrier type term | volume |
| Carrier type code | nc |
| 500 ## - GENERAL NOTE | |
| General note | Includes appendix. |
| 504 ## - BIBLIOGRAPHY, ETC. NOTE | |
| Bibliography, etc | Includes bibliographical references and index. |
| 505 0# - FORMATTED CONTENTS NOTE | |
| Formatted contents note | Volume 1 -- Volume 2 -- Volume 3 -- Volume 4. |
| 650 #7 - SUBJECT ADDED ENTRY--TOPICAL TERM | |
| Topical term or geographic name as entry element | English language |
| Form subdivision | Textbooks for foreign speakers |
| General subdivision | Arabic. |
| Source of heading or term | BUEsh |
| 650 #7 - SUBJECT ADDED ENTRY--TOPICAL TERM | |
| Topical term or geographic name as entry element | English language |
| General subdivision | Composition and exercises. |
| Source of heading or term | BUEsh |
| 650 #7 - SUBJECT ADDED ENTRY--TOPICAL TERM | |
| Topical term or geographic name as entry element | English language |
| General subdivision | Spoken English |
| Form subdivision | Problems, exercises, etc. |
| Source of heading or term | BUEsh |
| 650 #7 - SUBJECT ADDED ENTRY--TOPICAL TERM | |
| Topical term or geographic name as entry element | Listening |
| Form subdivision | Problems, exercises, etc. |
| Source of heading or term | BUEsh |
| 651 ## - SUBJECT ADDED ENTRY--GEOGRAPHIC NAME | |
| Source of heading or term | BUEsh |
| 653 ## - INDEX TERM--UNCONTROLLED | |
| Resource For college | Humanities: English |
| -- | Generalities |
| Arrived date list | April2018 |
| 655 ## - INDEX TERM--GENRE/FORM | |
| Form subdivision | Reading book |
| 9 (RLIN) | 34232 |
| 700 1# - ADDED ENTRY--PERSONAL NAME | |
| Personal name | Oxford, Rebecca L., |
| Relator term | editor. |
| 9 (RLIN) | 30362 |
| 700 1# - ADDED ENTRY--PERSONAL NAME | |
| Personal name | Pike-Baky, Meredith, |
| Relator term | editor. |
| 942 ## - ADDED ENTRY ELEMENTS (KOHA) | |
| Source of classification or shelving scheme | Dewey Decimal Classification |
| Koha item type | Book - Borrowing |
| Withdrawn status | Lost status | Source of classification or shelving scheme | Damaged status | Not for loan | Home library | Current library | Shelving location | Date acquired | Total Checkouts | Full call number | Barcode | Date last seen | Price effective from | Koha item type | Public note | Collection code | Source of acquisition |
|---|---|---|---|---|---|---|---|---|---|---|---|---|---|---|---|---|---|
| Dewey Decimal Classification | Central Library | Central Library | Second Floor | 10/04/2018 | 428.24927 TAP | 000047571 | 15/07/2025 | 10/04/2018 | Book - Borrowing | V. 4 | |||||||
| Dewey Decimal Classification | Central Library | Central Library | Second Floor | 16/08/2021 | 428.24927 TAP | 000050551 | 15/07/2025 | 16/08/2021 | Book - Borrowing | V. 3 | Donation-Gift | Donation | |||||
| Dewey Decimal Classification | Central Library | Central Library | Second Floor | 29/08/2021 | 428.24927 TAP | 000050620 | 15/07/2025 | 29/08/2021 | Book - Borrowing | V. 1 | Donation-Gift | Donation | |||||
| Dewey Decimal Classification | Central Library | Central Library | Second Floor | 20/09/2021 | 428.24927 TAP | 000046429 | 15/07/2025 | 20/09/2021 | Book - Borrowing | V.2 | Donation-Gift | Donation |